000 00951nam a2200277 c 4500
003 BLK
005 20230110094120.0
008 180411b bul|||||r ||||||| ||bul||
010 _aKNG00193493000
040 _aBLK
041 _aBUL
_cBUL
080 _aБългарска литература
_b821.163.2
_x-1
_z821.163.2-1
100 1 _aЕвтимов, Венко Евтимов
_eпърви автор
_9377020
139 _aЕвтимов, Венко Евтимов
_bЕ 22
245 1 0 _aРъкойка от косите ти
_bЛирика
_cВенко Евтимов Евтимов.
257 _aBGR
260 София
_bБълг. писател
_c1987
_fВраца : В. Александров
300 _a59 с.
_c21 см
380 _aX
500 _a2 612 тир.
852 _aЦб 145562
856 4 _qpdf
_u
856 4 _qpdf
_u
942 _cKNG
_n0
_01
944 _aCR
_c18.10.2016
_kНора_Радева
944 _aED
_c18.10.2016
_kНора_Радева
999 _c184528
_d184528